000 00817nam a2200229 a 4500
001 47165
003 BD-RjUL
005 20211209054253.0
008 160807s1987 bg |||| ||| 000 0 ben d
020 _c: Tk. 23.00
035 _a(BD-RjUL)47284
040 _aBD-RjUL
_bben
_cBD-RjUL
_dBD-RjUL
041 _aben
082 _223
_a297.54
_bKHA 1987
100 1 _aখালেক, আবদুল
_9143630
245 0 _aঅর্থনৈতিক ব্যবস্থায় যাকাত /
_cআবদুল খালেক
260 _aঢাকা :
_bইসলামিক ফাউন্ডেশন বাংলাদেশ,
_c১৯৮৭ [১৪৯৪]
300 _a[৬] ১২৯ পৃ. ;
_c১৯ সেমি.
650 _aযাকাত
_9143631
650 _aZakat
_9123987
942 _2ddc
_cBK
999 _c47165
_d47165